| 000 | 00565nam a22001697a 4500 | ||
|---|---|---|---|
| 005 | 20231031095206.0 | ||
| 008 | 231031b |||||||| |||| 00| 0 eng d | ||
| 020 | _a0702103578 | ||
| 041 | _aEnglish | ||
| 082 | _a346.6 SHR | ||
| 100 |
_aShrand, D and Keeton AAF _lEnglish |
||
| 245 |
_aRegistration, Management and Winding-up of Companies in South Africa / _cD Shrand and AFF Keeton |
||
| 260 |
_aCape Town : _bJuta and Company Ltd, _c1988 |
||
| 300 |
_b19 pages ; _c25 cm. |
||
| 650 |
_alegal practice _bLaw |
||
| 942 |
_cBK _6ALISON_BN_VRIES |
||
| 999 |
_c175 _d175 |
||